Statistics of building construction, 1920 to 1937, (Record no. 36286)

MARC details
000 -LEADER
fixed length control field 00675cam a22002171 4500
001 - CONTROL NUMBER
control field l 39000021
003 - CONTROL NUMBER IDENTIFIER
control field DLC
005 - DATE AND TIME OF LATEST TRANSACTION
control field 20260227111536.0
008 - FIXED-LENGTH DATA ELEMENTS--GENERAL INFORMATION
fixed length control field 830506s1938 dcua 000 0 eng
010 ## - LIBRARY OF CONGRESS CONTROL NUMBER
LC control number l 39000021
035 ## - SYSTEM CONTROL NUMBER
System control number (OCoLC)29100223
040 ## - CATALOGING SOURCE
Original cataloging agency DLC
Transcribing agency MnU
Modifying agency OCoLC
-- DLC
042 ## - AUTHENTICATION CODE
Authentication code premarc
043 ## - GEOGRAPHIC AREA CODE
Geographic area code n-us---
050 00 - LIBRARY OF CONGRESS CALL NUMBER
Classification number HD8051
Item number .A62 no. 650
110 1# - MAIN ENTRY--CORPORATE NAME
Corporate name or jurisdiction name as entry element United States.
Subordinate unit Bureau of Labor Statistics
245 10 - TITLE STATEMENT
Title Statistics of building construction, 1920 to 1937,
Statement of responsibility, etc. as shown by building permits issued ...
260 ## - PUBLICATION, DISTRIBUTION, ETC.
Place of publication, distribution, etc. Washington,
Name of publisher, distributor, etc. U.S. Govt. print. off.,
Date of publication, distribution, etc. 1938.
300 ## - PHYSICAL DESCRIPTION
Extent 2 v.
Other physical details tables, diagrs.
Dimensions 24 cm.
650 #0 - SUBJECT ADDED ENTRY--TOPICAL TERM
Topical term or geographic name entry element Building
Geographic subdivision United States.

No items available.

Powered by Koha